The Old Testament : (Record no. 8511)
[ view plain ]
| 000 -LEADER | |
|---|---|
| fixed length control field | 00779nam a22002057a 4500 |
| 003 - CONTROL NUMBER IDENTIFIER | |
| control field | GBCCL |
| 005 - DATE AND TIME OF LATEST TRANSACTION | |
| control field | 20241126110652.0 |
| 008 - FIXED-LENGTH DATA ELEMENTS--GENERAL INFORMATION | |
| fixed length control field | 210310b ||||| |||| 00| 0 eng d |
| 020 ## - INTERNATIONAL STANDARD BOOK NUMBER | |
| International Standard Book Number | 9780687039012 (binding: pbk., adhesive perfect : alk. paper) |
| 020 ## - INTERNATIONAL STANDARD BOOK NUMBER | |
| International Standard Book Number | 0687039010 (binding: pbk., adhesive perfect : alk. paper) |
| 040 ## - CATALOGING SOURCE | |
| Transcribing agency | GBC |
| 082 ## - DEWEY DECIMAL CLASSIFICATION NUMBER | |
| Classification number | 221.61 |
| Item number | MCK |
| 100 ## - MAIN ENTRY--PERSONAL NAME | |
| Personal name | McKenzie, Steven L., |
| Dates associated with a name | 1953- |
| 9 (RLIN) | 14967 |
| 245 ## - TITLE STATEMENT | |
| Title | The Old Testament : |
| Remainder of title | its background, growth, & content / |
| Statement of responsibility, etc. | Steven L. McKenzie and John Kaltner. |
| 260 ## - PUBLICATION, DISTRIBUTION, ETC. | |
| Place of publication, distribution, etc. | Nashville, Tenn : |
| Name of publisher, distributor, etc. | Abingdon, |
| Date of publication, distribution, etc. | 2007. |
| 300 ## - PHYSICAL DESCRIPTION | |
| Extent | 382 p. : |
| Other physical details | ill., maps ; |
| Dimensions | 24 cm. |
| 505 ## - FORMATTED CONTENTS NOTE | |
| Formatted contents note | Torah -- Former Prophets -- Latter Prophets -- Writings. |
| 650 ## - SUBJECT ADDED ENTRY--TOPICAL TERM | |
| Topical term or geographic name entry element | Bible. |
| Form subdivision | Old Testament |
| General subdivision | Introductions. |
| 9 (RLIN) | 14968 |
| 942 ## - ADDED ENTRY ELEMENTS (KOHA) | |
| Source of classification or shelving scheme | Dewey Decimal Classification |
| Koha item type | Books |
| Koha issues (borrowed), all copies | 14 |
| Withdrawn status | Lost status | Source of classification or shelving scheme | Damaged status | Not for loan | Home library | Current Library | Shelving location | Date acquired | Total checkouts | Total renewals | Full call number | Barcode | Date last seen | Date last checked out | Copy number | Price effective from | Koha item type |
|---|---|---|---|---|---|---|---|---|---|---|---|---|---|---|---|---|---|
| Dewey Decimal Classification | GRACE BIBLE COLLEGE | GRACE BIBLE COLLEGE | Biblical Studies | 2021-03-10 | 17 | 2 | 221.61 MCK | 020140 | 2026-02-19 | 2026-02-16 | c.1 | 2021-03-10 | Books |